logo

Bir Sreshtho Munshi Abdur Rouf Library
Jhenaidah Cadet College

Writers at work : (Record no. 9203)

MARC details
000 -LEADER
fixed length control field 00590cam a2200217 a 4500
001 - CONTROL NUMBER
JCCL Control Number 9203
003 - CONTROL NUMBER IDENTIFIER
JCCL marc code BD-JhCC
005 - DATE AND TIME OF LATEST TRANSACTION
control field 20180315081212.0
008 - FIXED-LENGTH DATA ELEMENTS--GENERAL INFORMATION
fixed length control field 090831s1958 pau b 000 0 eng
035 ## - SYSTEM CONTROL NUMBER
system control number (BD-JhCC)9203
040 ## - CATALOGING SOURCE
Original cataloging agency BD-JhCC
Transcribing agency BD-JhCC
Modifying agency BD-JhCC
041 ## - LANGUAGE CODE
Language code of Book eng
082 00 - DEWEY DECIMAL CLASSIFICATION NUMBER
Classification number 808.856
DDC Edition number 22
Author mark and Year WRI 1958
245 10 - TITLE STATEMENT
Title Writers at work :
Remainder of title the Paris review interviews /
Statement of responsibility, etc edited by Malcolm Cowley
260 ## - PUBLICATION, DISTRIBUTION, ETC. (IMPRINT)
Place of publication, distribution, etc London :
Name of publisher, distributor, etc Mercury Books,
Date of publication, distribution, etc c2010.
300 ## - PHYSICAL DESCRIPTION
Pagination 275 p. ;
Dimensions 24 cm.
650 ## - SUBJECT ADDED ENTRY--TOPICAL TERM
Topical term or geographic name as entry element English Literature
700 ## - ADDED ENTRY--PERSONAL NAME
Personal name Cowley, Malcolm
942 ## - ADDED ENTRY ELEMENTS (KOHA)
Source of classification or shelving scheme Dewey Decimal Classification
Koha item type Books
Holdings
Source of classification or shelving scheme Damaged status Not for loan Home library Current library Shelving location Date of accession Total Checkouts Full call number Barcode Date last seen Copy number Koha item type
Dewey Decimal Classification     JCC Rouf Library JCC Rouf Library General Stacks 03/10/2018   808.856 WRI 1958 12297 03/10/2018 C - 1 Books

JCC Library | Contacts | JCC Home

Last Update on 23 September 2017
Copyright @ 2017-2020 JCC Rouf Library
Rouf Library, Jhenidah Cadet College (JCC), Bangladesh